000 00743nam a2200241Ia 4500
003 OSt
005 20220927105323.0
006 a|||||r|||| 00| 0
007 ta
008 220926b |||||||| |||| 00| 0 eng d
024 _a176182
037 _cReference Collections
040 _aRTL
_cRTL
_beng
041 _2eng
_aeng
082 _a"X:8E.237, P9/GD"
110 _a"RAJASTHAN, REVISED INCOME AND EXPENDITURE"
_9371675
245 0 _aEstimates of statistics
_b 2009-2010
260 _aRajasthan
_bGovernment Press
_c2009
490 _v01329892: 2009-2010 (171p)
700 _a"RAJASTHAN, REVISED INCOME AND EXPENDITURE"
_9371676
942 _h"X:8E.237, P9/GD"
_cCC
999 _c691821
_d691821